Регионална библиотека "Любен Каравелов" - Русе

За Слави Шкаров от приятелите (1941 - 1988) [аудио CD] (Запис номер 222538)

MARC детайли
000 -Лидер
Контролно поле с фиксирана дължина 01711njm a2200421 c 4500
003 - Код на организацията, давaща контролен номер
Контролно поле BLK
005 - Дата и час на последна редакция
Контролно поле 20240628142954.0
008 - Елементи от данни с фиксирана дължина
fixed length control field 180410b bul||n||s|||||||| n|bulo|
010 ## - Наследен системен номер
LC control number CDD00004562000
040 ## - Източник на каталожния запис
Идентификатор на билиотеката - собственик на записа BLK
041 ## - Код за език
Код за езика на текст/звукозапис или на отделно заглавие Български
Код за езика КДБФ Български
072 #7 - Код за тематичната категория
Код организация bullib
Код за тематична категория К
Текст Краезнание
080 ## - УДК
Текстов определител УДК Режисьори, театрални
УДК код - определител по УДК 792.071.1
УДК определител (497.2)(092)(086.7)
УДК - код + определител 792.071.1(497.2)(092)(086.7)
080 ## - УДК
Текстов определител УДК Български театрален режисьор
УДК код - определител по УДК 929 Шкаров, Слави
УДК - код + определител 929 Шкаров, Слави
139 ## - Редно поле
Редна дума За Слави Шкаров от приятелите (1941 - 1988) [аудио CD]
Авторски знак Шк - Ш 71
245 10 - Сведения за заглавието
Заглавие За Слави Шкаров от приятелите (1941 - 1988) [аудио CD]
Подзаглавни данни Докум. записи, спомени и интервюта
257 ## - Страна на издаване
Страна на създаване/издаване България
260 ## - Област на издателските данни
Име на издателя, разпространителя и проч. Arena Media
Година на издаване 2010
300 ## - Физическа характеристика
Страници (1 ч. 19 мин. 50 сек.)
Размери/Мащаб 12 см
380 ## - Жанр
Жанр Изкуство
500 ## - Общи забележки
Забележка Дигитално изд. - Прил. към кн. със същото загл. и сигн. 250681.
600 14 - Име на лице, използвано като предмет
За него / За нея Шкаров, Слави
Свързани дати 1941 - 1988
Друга информация Български театрален режисьор
9 (RLIN) 143668
650 #4 - Допълнително описание по предмет – тема
Основно описание – тема или топоним Шкаров, Слави
9 (RLIN) 143668
650 #4 - Допълнително описание по предмет – тема
Основно описание – тема или топоним Режисьори, български - спомени
9 (RLIN) 250104
653 ## - Ключова дума – ненормативна
Ключова дума Слави Шкаров
653 ## - Ключова дума – ненормативна
Ключова дума режисьори
653 ## - Ключова дума – ненормативна
Ключова дума спомени
653 ## - Ключова дума – ненормативна
Ключова дума интервюта
760 1# - Описание на основната серия
Заглавие
852 ## - Местоположение
Форматна сигнатура Цб CD 2703
Част 0
852 ## - Местоположение
Форматна сигнатура К 792/Ш 71
856 4# - Електронен адрес и достъп
Електронен формат pdf - файл
Път до файла /url/
856 4# - Електронен адрес и достъп
Електронен формат pdf - файл
Път до файла /url/
999 ## - СИСТЕМНИ КОНТРОЛНИ НОМЕРА
Koha biblionumber 222538
Koha biblioitemnumber 222538
942 ## - АРТИКУЛИ
Вид на библиотечния материал Компактдискове
Скрит в OPAC Не
Периодичен библиозапис Да
944 ## - СЪЗДАВАНЕ И РЕДАКЦИЯ на ЗАПИСА
Създаване/Редакция Създаване
Дата на регистрацията/редакция 03.02.2011
Служител, извършил регистрацията/редакцията 30535
Статус, дата на статуса Христина Везирева
944 ## - СЪЗДАВАНЕ И РЕДАКЦИЯ на ЗАПИСА
Създаване/Редакция Редакция
Дата на регистрацията/редакция 17.02.2011
999 ## - СИСТЕМНИ КОНТРОЛНИ НОМЕРА
Koha biblioitemnumber 222538
Наличности
Код за отписване Код за изгубен артикул Източник на класификационната схема Код за повреда Коз за рестрикции Код за отдаване Артикулен № Име на библиотеката - собственик Име на библиотеката, в която се намира в момента Статус (Текущо местоположение) Дата на вписване в системата Местоположение - отдел Цена в лева Инвентарен номер Систематично азбучна сигнатура Баркод Номер на екземпляра Цена в евро Служебна бележка Служебен тип на артикула
Изтеглен Не е изгубен Universal Decimal Classification Не е повреден без рестрикции заемане за дома 394525 Регионална библиотека "Любен Каравелов" Русе Регионална библиотека "Любен Каравелов" Русе Отдел Изкуство - подръчен фонд 2011-02-02 Отдел Изкуство - подръчен фонд 2.00 250000004417 ИП 792.07(092)/Ш 71 250000004417 1 1.02 Дост: DA Вид: А N: 3 Дата: 02.02.2011 Съставил: Валя_Йорданова Компактдискове
Изтеглен Не е изгубен Universal Decimal Classification Не е повреден без рестрикции заемане за дома 394526 Регионална библиотека "Любен Каравелов" Русе Регионална библиотека "Любен Каравелов" Русе Отдел Изкуство - подръчен фонд 2011-02-02 Отдел Изкуство - подръчен фонд 2.00 250000004418 ИП 792.07(092)/Ш 71 250000004418 2 1.02 Дост: DA Вид: А N: 3 Дата: 02.02.2011 Съставил: Валя_Йорданова Компактдискове
  Не е изгубен Universal Decimal Classification Не е повреден без рестрикции заемане за дома 394527 Регионална библиотека "Любен Каравелов" Русе Регионална библиотека "Любен Каравелов" Русе Отдел Изкуство - подръчен фонд 2011-02-02 Отдел Изкуство - подръчен фонд 2.00 250000004419 792/Ш 71 С 250000004419 3 1.02 Дост: DA Вид: А N: 3 Дата: 02.02.2011 Съставил: Валя_Йорданова Компактдискове
Изтеглен Не е изгубен Universal Decimal Classification Не е повреден без рестрикции ползва се в читалня 394528 Регионална библиотека "Любен Каравелов" Русе Регионална библиотека "Любен Каравелов" Русе Отдел Изкуство - читалня 2011-02-02 Отдел Изкуство - читалня 2.00 250000004420 И 792.07(092)/Ш 71 250000004420 4 1.02 Дост: DA Вид: А N: 3 Дата: 02.02.2011 Дата инв: 03.07.2012 Бележки инв: * Съставил: Валя_Йорданова Компактдискове
  Не е изгубен Universal Decimal Classification Не е повреден без рестрикции ползва се в читалня 394529 Регионална библиотека "Любен Каравелов" Русе Регионална библиотека "Любен Каравелов" Русе Краезнание 2011-02-02 Краезнание 2.00 250000004421 К 792/Ш 71 250000004421 5 1.02 Дост: DA Вид: А N: 3 Дата: 02.02.2011 Съставил: Валя_Йорданова Компактдискове
Vip Innovations Ltd, Rousse, Bulgaria 2025